[Event "Moscow op-B"]
[Site "Moscow"]
[Date "2009.02.08"]
[Round "9"]
[White "Tekuchev, Robert"]
[Black "Benza, Artem"]
[Result "0-1"]
[WhiteElo "1971"]
[BlackElo "2298"]
[PlyCount "67"]
[EventDate "2009.01.31"]
[EventType "swiss"]
[EventRounds "9"]
[EventCountry "RUS"]
[SourceTitle "EXT 2012"]
[Source "ChessBase"]
[SourceDate "2011.11.24"]
[SourceVersion "1"]
[SourceVersionDate "2011.11.24"]
[SourceQuality "1"]

1. d4 g6 2. Nf3 Bg7 3. g3 c5 4. Bg2 cxd4 5. Nxd4 Nc6 6. c3 Nf6 7. 0-0 0-0 8. Bg5 h6 9. Bf4 Re8 10. Qd2 g5 11. Be3 Nxd4 12. cxd4 Ng4 13. Nc3 d6 14. Rac1 Bd7 15. Bxb7 Rb8 16. Bf3 Nxe3 17. fxe3 e6 18. Ne4 Qb6 19. b3 f5 20. Nc3 g4 21. Bg2 d5 22. Nd1 h5 23. Nb2 h4 24. Nd3 Qd6 25. Kf2 Bb5 26. Nf4 h3 27. Bh1 Rec8 28. Rxc8+ Rxc8 29. Rc1 Rxc1 30. Qxc1 Ba6 31. Qc3 Kf7 32. Qa5 Bh6 33. Nd3 Bxd3 34. Qxa7+ 0-1

[Event "Moscow op-B"]
[Site "Moscow"]
[Date "2009.02.04"]
[Round "5"]
[White "Tekuchev, Robert"]
[Black "Zhukovsky, Viacheslav"]
[Result "0-1"]
[WhiteElo "1971"]
[BlackElo "2115"]
[PlyCount "90"]
[EventDate "2009.01.31"]
[EventType "swiss"]
[EventRounds "9"]
[EventCountry "RUS"]
[SourceTitle "EXT 2012"]
[Source "ChessBase"]
[SourceDate "2011.11.24"]
[SourceVersion "1"]
[SourceVersionDate "2011.11.24"]
[SourceQuality "1"]

1. d4 e6 2. e4 d5 3. exd5 exd5 4. Bd3 Bd6 5. Ne2 Ne7 6. c3 Nd7 7. 0-0 c6 8. Bf4 Qc7 9. Bxd6 Qxd6 10. Nd2 Nf6 11. Nf3 Be6 12. Re1 h6 13. a4 0-0 14. h3 b6 15. Qd2 Bf5 16. Ng3 Be6 17. Ne5 c5 18. Ne2 Rfc8 19. Nf4 Bf5 20. Bxf5 Nxf5 21. Qd3 Ne7 22. Qe3 Re8 23. Qf3 Rac8 24. Ne2 Nc6 25. Nxc6 Qxc6 26. Qd3 Re7 27. Red1 Rce8 28. Ng3 g6 29. h4 h5 30. b3 Qd6 31. a5 Qf4 32. dxc5 bxc5 33. Ra4 Re1+ 34. Rxe1 Rxe1+ 35. Nf1 Ne4 36. Ra2 Qc1 37. g3 Rd1 38. Qe2 Re1 39. Qd3 Qb1 40. Qxb1 Rxb1 41. Rc2 Rxb3 42. Nd2 Rxc3 43. Rxc3 Nxc3 44. Nb3 c4 45. Nd4 Kf8 0-1

[Event "Moscow June op"]
[Site "Moscow"]
[Date "2006.07.16"]
[Round "8"]
[White "Tekuchev, Robert"]
[Black "Pokhlebin, Sergej"]
[Result "1-0"]
[WhiteElo "2111"]
[BlackElo "2072"]
[PlyCount "33"]
[EventDate "2006.06.24"]
[EventType "swiss"]
[EventRounds "9"]
[EventCountry "RUS"]
[SourceTitle "EXT 2008"]
[Source "ChessBase"]
[SourceDate "2007.11.25"]
[SourceVersion "1"]
[SourceVersionDate "2007.11.25"]
[SourceQuality "1"]

1. c4 Nf6 2. Nf3 g6 3. d4 Bg7 4. g3 0-0 5. Bg2 d6 6. 0-0 Nbd7 7. Nc3 e5 8. b3 Re8 9. Qc2 c6 10. Rd1 e4 11. Ng5 e3 12. fxe3 Ng4 13. e4 Bh6 14. Bf3 Nxh2 15. Nxf7 Nxf3+ 16. exf3 Kxf7 17. Bxh6 1-0

[Event "Moscow June op"]
[Site "Moscow"]
[Date "2006.07.09"]
[Round "6"]
[White "Savinov, Leonid"]
[Black "Tekuchev, Robert"]
[Result "1/2-1/2"]
[WhiteElo "2161"]
[BlackElo "2111"]
[PlyCount "90"]
[EventDate "2006.06.24"]
[EventType "swiss"]
[EventRounds "9"]
[EventCountry "RUS"]
[SourceTitle "EXT 2008"]
[Source "ChessBase"]
[SourceDate "2007.11.25"]
[SourceVersion "1"]
[SourceVersionDate "2007.11.25"]
[SourceQuality "1"]

1. d4 d5 2. Nf3 c6 3. c3 Bf5 4. Bf4 e6 5. Nbd2 Nf6 6. e3 h6 7. h3 Be7 8. Be2 0-0 9. Ne5 Nbd7 10. Nxd7 Nxd7 11. Nf3 Rc8 12. g4 Bh7 13. Bd3 Bxd3 14. Qxd3 c5 15. h4 cxd4 16. exd4 Rc6 17. h5 b5 18. a3 f6 19. Nh4 Rf7 20. Ng6 Bd6 21. Be3 Qb8 22. Rh3 a5 23. Kf1 Nf8 24. Re1 b4 25. axb4 axb4 26. Bd2 bxc3 27. bxc3 Rb7 28. Rf3 Rb2 29. Nxf8 Bxf8 30. Kg2 Qc8 31. Re2 Qa6 32. Rfe3 Qxd3 33. Rxd3 Kf7 34. f4 Bd6 35. Kf3 Bc7 36. g5 fxg5 37. fxg5 hxg5 38. Bxg5 Rb3 39. Bd2 Ba5 40. Ree3 Kf6 41. Kg4 Rb1 42. Be1 Kf7 43. Rf3+ Kg8 44. Bd2 Rg1+ 45. Rg3 Rxg3+ 1/2-1/2

[Event "RUS-ch Seniors"]
[Site "Zvenigorod"]
[Date "2005.12.03"]
[Round "5"]
[White "Gatin, Ravil"]
[Black "Tekuchev, Robert"]
[Result "1-0"]
[WhiteElo "2229"]
[BlackElo "2121"]
[PlyCount "91"]
[EventDate "2005.11.28"]
[EventType "swiss"]
[EventRounds "7"]
[EventCountry "RUS"]
[SourceTitle "EXT 2007"]
[Source "ChessBase"]
[SourceDate "2006.11.23"]
[SourceVersion "1"]
[SourceVersionDate "2006.11.23"]
[SourceQuality "1"]

1. f4 d5 2. e3 Nf6 3. b3 e6 4. Bb2 Be7 5. Nf3 0-0 6. Nc3 b6 7. Ne2 Bb7 8. Ng3 Nbd7 9. Bd3 a5 10. a4 Qc8 11. Ne5 Ba6 12. Nxd7 Nxd7 13. Bxa6 Qxa6 14. Nh5 g6 15. Ng3 Bf6 16. Bxf6 Nxf6 17. d3 c5 18. 0-0 Rfd8 19. h3 c4 20. Ne2 Rac8 21. Qd2 cxd3 22. cxd3 Rc7 23. Ra2 Rdc8 24. Rb1 Nd7 25. Nd4 Nc5 26. Nb5 Rc6 27. Qe2 Nb7 28. h4 Nd6 29. d4 Rc1+ 30. Rxc1 Rxc1+ 31. Kh2 Nxb5 32. axb5 Qc8 33. h5 Kg7 34. Qf2 Qd8 35. Rb2 h6 36. b4 axb4 37. Rxb4 Qc7 38. Rb2 Qc4 39. hxg6 Kxg6 40. Ra2 Qxb5 41. f5+ exf5 42. Qg3+ Kf6 43. Ra8 Qd7 44. Qe5+ Kg6 45. Rg8+ Kh5 46. g4+ 1-0